Statistics for Add an Animal - Make a Word

Click here to take the quiz!

General Stats

  • This quiz has been taken 17,222 times
  • The average score is 12 of 26

Answer Stats

Word% Correct
Copy{cat}
93%
Book{worm}
89%
Were{wolf}
81%
Scape{goat}
76%
Under{dog}
72%
{Bull}dozer
70%
Jitter{bug}
70%
Dande{lion}
65%
Scare{crow}
63%
{Pig}sty
52%
{Fish}monger
44%
{Cow}lick
43%
Hobby{horse}
42%
{Crab}apple
41%
Ding{bat}
41%
{Toad}stool
34%
{Buck}wheat
32%
{Bird}bath
28%
Gad{fly}
28%
{Hog}wash
25%
{Deer}stalker
24%
{Hen}peck
20%
{Frog}march
14%
Out{fox}
13%
{Monkey}shine
10%
{Moth}ball
5%

Score Distribution

Percentile by Number Answered

Percent of People with Each Score

Your Score History

You have not taken this quiz